• 首页
  • 本馆介绍
  • 公告通知
  • 最新文献
  • 馆藏检索
  • 电子资源
  • 读者导购
  • 参考咨询
  • 我的图书馆
  • 登录
  • 详细信息显示
  • 放入我的书架
  • 预约/预借图书
  • 作者相关作品
  • 分类相关作品
  • 丛书相关作品
  • 出版社相关作品

书目信息

  • 表格格式
  • 工作单格式
  • 卡片格式
题名:
谠论集
    
 
作者: (宋)陈次升 撰
分册:  
出版信息: 北京   中国书店  2018.5
页数: 272页
开本: 27cm
丛书名:
单 册:
中图分类: D691.21
科图分类:
主题词: 政治制度史--研究--中国--宋代
电子资源:
ISBN: 978-7-5149-2038-3
000 01070nam0 2200229 45
001 012001002414
005 20140926114740.0
010    @a978-7-5149-2038-3@dCNY66.00
100    @a20180429d2018 em y0chiy0110 ea
101 0  @achi
102    @aCN@b110000
105    @ay z 000yy
106    @ar
200 1  @a谠论集@9dang lun ji@f(宋)陈次升撰
210    @a北京@c中国书店@d2018.5
215    @a272页@d27cm
330    @a《谠论集》五卷,宋陈次升撰。本传载所陈前后凡十馀事,皆有关於贤奸消长,政治得失之故,为他人所不敢发。而谓其他所言曾肇、王觌、黄庭坚、贾易、李昭玘、吕希哲、范纯礼、苏轼等,公议或不谓然。今即集中所存诸疏观之,其论王觌也,以曾布所善。其论曾肇也,以布之至亲。其论吕希哲也,亦以韩忠彦之亲。其论范纯礼也,以对辽使误犯御名。事各有因,与曲加指摘者不同。且是是非非,虽当代清流亦不肯稍存假借。此正其破除成见,毫无党同伐异之私。作史者乃以门户之局为次升之病,谬之甚矣。
606 0  @a政治制度史@x研究@y中国@x宋代
690    @aD691.21@v5
701  0 @a(宋)陈次升@9( song ) chen ci sheng@4撰
801  0 @aCN@b上海新华@c20180901
905    @b1157985-9@dD691.21@e264@f5
    
    谠论集/(宋)陈次升撰.-北京:中国书店,2018.5
    272页;27cm
    
    
    ISBN 978-7-5149-2038-3:CNY66.00
    《谠论集》五卷,宋陈次升撰。本传载所陈前后凡十馀事,皆有关於贤奸消长,政治得失之故,为他人所不敢发。而谓其他所言曾肇、王觌、黄庭坚、贾易、李昭玘、吕希哲、范纯礼、苏轼等,公议或不谓然。今即集中所存诸疏观之,其论王觌也,以曾布所善。其论曾肇也,以布之至亲。其论吕希哲也,亦以韩忠彦之亲。其论范纯礼也,以对辽使误犯御名。事各有因,与曲加指摘者不同。且是是非非,虽当代清流亦不肯稍存假借。此正其破除成见,毫无党同伐异之私。作史者乃以门户之局为次升之病,谬之甚矣。
●
相关链接 在E读中查询图书 在五车中查询图书 在当当中查询图书 在豆瓣中查询图书


正题名:谠论集     索取号:D691.21/264         预约/预借

序号 登录号 条形码 馆藏地/架位号 状态 备注
1 1157985   211579852   第一样本阅览室/ [索取号:D691.21/264] 在馆    
2 1157986   211579861   第一借阅区/ [索取号:D691.21/264] 在馆    
3 1157987   211579870   密集书库-史法系/ [索取号:D691.21/264] 在馆    
4 1157988   211579889   第一借阅区/ [索取号:D691.21/264] 在馆    
5 1157989   211579898   第一借阅区/ [索取号:D691.21/264] 在馆    
唐山师范学院图书馆 欢迎您!
大连网信软件有限公司© 版权所有